Sports Quiz

Random Sports or NBA Quiz

NBA Opening Night Starting Lineups (2014-15) Quiz Stats

 Plays Quiz Updated Nov 18, 2014

Challenge
Share
Tweet
Embed
Score 0/150 Timer 15:00
2 Plays Today
Team Player % Correct
Cleveland CavaliersLeBron James
94%
Cleveland CavaliersKyrie Irving
89.6%
Chicago BullsDerrick Rose
89.1%
Golden State WarriorsStephen Curry
88.5%
Los Angeles ClippersChris Paul
88.2%
Chicago BullsPau Gasol
87.4%
Cleveland CavaliersKevin Love
87.3%
Memphis GrizzliesMarc Gasol
87.1%
Houston RocketsJames Harden
86.6%
Golden State WarriorsKlay Thompson
86.5%
Miami HeatDwyane Wade
86.2%
Los Angeles LakersKobe Bryant
86%
Los Angeles ClippersBlake Griffin
85.7%
Oklahoma City ThunderRussell Westbrook
85.4%
New York KnicksCarmelo Anthony
85.3%
San Antonio SpursTony Parker
85.3%
Houston RocketsDwight Howard
85.3%
Brooklyn NetsDeron Williams
85.3%
Sacramento KingsJason Thompson
84.8%
Philadelphia 76ersHollis Thompson
84.7%
Milwaukee BucksJabari Parker
84.2%
Golden State WarriorsDraymond Green
84.2%
New Orleans PelicansAnthony Davis
84.1%
Boston CelticsJeff Green
84.1%
San Antonio SpursDanny Green
83.8%
Washington WizardsJohn Wall
83.6%
Dallas MavericksDirk Nowitzki
83.4%
Charlotte HornetsMarvin Williams
83.1%
Boston CelticsRajon Rondo
83%
Miami HeatShawne Williams
82.8%
San Antonio SpursTim Duncan
82.4%
Brooklyn NetsJoe Johnson
82.4%
Atlanta HawksAl Horford
81.7%
Detroit PistonsJosh Smith
81.7%
Atlanta HawksJeff Teague
81.4%
Los Angeles ClippersDeAndre Jordan
81.4%
Toronto RaptorsAmir Johnson
80.6%
Los Angeles LakersWesley Johnson
80.6%
Chicago BullsJoakim Noah
80.6%
Philadelphia 76ersChris Johnson
80.2%
Miami HeatChris Bosh
79.3%
Portland Trail BlazersRobin Lopez
78.9%
Charlotte HornetsKemba Walker
76.9%
Portland Trail BlazersDamian Lillard
76.8%
Memphis GrizzliesMike Conley
74.6%
Sacramento KingsDeMarcus Cousins
74.6%
Golden State WarriorsAndrew Bogut
74.4%
Washington WizardsPaul Pierce
74.1%
Atlanta HawksKyle Korver
73.8%
Portland Trail BlazersLaMarcus Aldridge
73.6%
Team Player % Correct
Dallas MavericksTyson Chandler
73.3%
Atlanta HawksPaul Millsap
73.3%
Memphis GrizzliesZach Randolph
73%
Brooklyn NetsKevin Garnett
72.3%
Minnesota TimberwolvesRicky Rubio
71.9%
Indiana PacersSolomon Hill
71.8%
Los Angeles LakersJordan Hill
71.7%
Toronto RaptorsKyle Lowry
71%
Golden State WarriorsHarrison Barnes
70.8%
Los Angeles ClippersMatt Barnes
70.7%
Toronto RaptorsDeMar DeRozan
70.3%
Oklahoma City ThunderSerge Ibaka
70.1%
Minnesota TimberwolvesAndrew Wiggins
69.6%
Indiana PacersRoy Hibbert
69.4%
Detroit PistonsAndre Drummond
69%
Phoenix SunsGoran Dragic
68.3%
Charlotte HornetsAl Jefferson
66.7%
Denver NuggetsTy Lawson
66.6%
Los Angeles LakersJeremy Lin
66%
Washington WizardsMarcin Gortat
65.7%
Memphis GrizzliesTony Allen
64.7%
Utah JazzGordon Hayward
63.3%
Detroit PistonsBrandon Jennings
63.2%
Dallas MavericksChandler Parsons
62.5%
Los Angeles ClippersJ.J. Redick
61.6%
Houston RocketsPatrick Beverley
61.6%
Dallas MavericksMonta Ellis
61.6%
Phoenix SunsEric Bledsoe
61.4%
New Orleans PelicansJrue Holiday
61.2%
Miami HeatLuol Deng
60.9%
New Orleans PelicansEric Gordon
60.9%
Cleveland CavaliersAnderson Varejao
60.4%
Boston CelticsAvery Bradley
59.9%
Houston RocketsTerrence Jones
59.1%
Portland Trail BlazersNicolas Batum
59.1%
Oklahoma City ThunderPerry Jones
58.7%
Cleveland CavaliersDion Waiters
58.6%
Sacramento KingsRudy Gay
57.9%
Denver NuggetsKenneth Faried
57.7%
Houston RocketsTrevor Ariza
57.7%
Phoenix SunsMarkieff Morris
57.2%
Phoenix SunsMarcus Morris
57.1%
New Orleans PelicansTyreke Evans
56.9%
Portland Trail BlazersWesley Matthews
56.1%
Memphis GrizzliesCourtney Lee
55.7%
Oklahoma City ThunderSteven Adams
54.9%
Charlotte HornetsLance Stephenson
53.9%
Los Angeles LakersCarlos Boozer
53.5%
Miami HeatNorris Cole
53.3%
Orlando MagicTobias Harris
53.3%
Team Player % Correct
Milwaukee BucksBrandon Knight
52.5%
Philadelphia 76ersNerlens Noel
52%
Utah JazzTrey Burke
51.8%
Dallas MavericksJameer Nelson
50.5%
Orlando MagicNikola Vucevic
50.3%
Atlanta HawksDeMarre Carroll
50%
Boston CelticsJared Sullinger
49.5%
New Orleans PelicansOmer Asik
49.3%
Utah JazzDerrick Favors
48.4%
Sacramento KingsDarren Collison
47.9%
Minnesota TimberwolvesNikola Pekovic
47.8%
Charlotte HornetsMichael Kidd-Gilchrist
47.3%
Minnesota TimberwolvesThaddeus Young
46.6%
New York KnicksIman Shumpert
46.4%
New York KnicksAmare' Stoudemire
46.3%
Brooklyn NetsMason Plumlee
45.6%
Phoenix SunsMiles Plumlee
45.2%
Chicago BullsMike Dunleavy
45.1%
Utah JazzEnes Kanter
44.9%
Denver NuggetsDanilo Gallinari
44.7%
Boston CelticsKelly Olynyk
44.5%
Orlando MagicElfrid Payton
44.1%
Chicago BullsKirk Hinrich
43.6%
Denver NuggetsTimofey Mozgov
42.1%
Toronto RaptorsJonas Valanciunas
40.6%
Utah JazzAlec Burks
39.9%
Toronto RaptorsTerrence Ross
38.6%
Milwaukee BucksLarry Sanders
37.3%
Denver NuggetsArron Afflalo
37.2%
Detroit PistonsKentavious Caldwell-Pope
34.4%
Sacramento KingsBen McLemore
30.4%
Indiana PacersLuis Scola
28.3%
New York KnicksSamuel Dalembert
28.2%
Milwaukee BucksKhris Middleton
28%
Philadelphia 76ersTony Wroten
25.4%
Oklahoma City ThunderAndre Roberson
25%
New York KnicksShane Larkin
23.9%
Minnesota TimberwolvesCorey Brewer
23.4%
San Antonio SpursMatt Bonner
23.4%
Detroit PistonsKyle Singler
23.4%
Indiana PacersC.J. Miles
22.3%
Orlando MagicEvan Fournier
21%
San Antonio SpursMarco Belinelli
20.2%
Indiana PacersDonald Sloan
18.9%
Brooklyn NetsBojan Bogdanovic
17.9%
Milwaukee BucksJared Dudley
15.2%
Philadelphia 76ersHenry Sims
14.8%
Washington WizardsDrew Gooden
13.2%
Washington WizardsGarrett Temple
12.7%
Orlando MagicKyle O'Quinn
12.1%

You're not logged in!

Compare scores with friends on all Sporcle quizzes.
OR
Log In

You Might Also Like...

Show Comments

Extras

Top Quizzes Today


Score Distribution

Your Account Isn't Verified!

In order to create a playlist on Sporcle, you need to verify the email address you used during registration. Go to your Sporcle Settings to finish the process.

Report this User

Report this user for behavior that violates our Community Guidelines.

Details: